000 00452nam a22001457a 4500
008 160805b xxu||||| |||| 00| 0 eng d
020 _a1844801268
050 _aHD 30.123.L83 2005
100 _aLucey, Terry.
_d2005
245 _aManagemen information systems /
_c Terry Lucey
250 _a9th ed.
260 _aMexico;
_bThomson,
_c2005.
300 _axx, 356 p. : ill.
_bIncludes index
942 _2lcc
_cBOOKS
_hHD 30.123.L83 2005
999 _c12601
_d12601